Football teams against who England won the most - Statistics

General Stats
  • This quiz has been taken 11 times
  • The average score is 16 of 25
Answer Stats
Games won Team % Correct
9 Portugal
100%
23 France
90%
13 Spain
90%
9 Finland
80%
8 Italy
80%
8 Sweden
80%
16 Belgium
70%
13 Hungary
70%
6 Ireland
70%
14 Netherlands
70%
12 Poland
70%
12 Wales
70%
11 Austria
60%
17 Switzerland
60%
8 Turkey
60%
8 USA
60%
8 Bulgaria
50%
13 Denmark
50%
9 Luxembourg
50%
6 Mexico
50%
7 Norway
50%
6 Slovakia
40%
6 Croatia
30%
6 Czechoslovakia
30%
7 San Marino
20%
No matching quizzes found
Score Distribution
Percent of People with Each Score
Percentile by Number Answered
Your Score History
You have not taken this quiz